000
00280nam a22001217a 4500
008
181101b xxu||||| |||| 00| 0 eng d
041
_a
eng
080
_a
616-053.2
100
_a
8
101
_a
PED
245
_a
Handbook of Common Poisonings in Children
_c
FDA
942
_2
udc
_c
BK
999
_c
51502
_d
51502